1119 1833 1581 1946 1177 1361 1785 1367 1954 1727 1671 1787 1984 1897 1714 1544 1774 1367 1612 1273 1537 1353 1717 1397 1998 1550 1574 1149 1436 1664 1091 1985 1585 1219 1664 1986 1127 1522 1060 1514 1042 1728 1400 1173 1924 1987 1045 1880 1322 1827 1592 1186 1152 1563 1627 1271 1140 1285 1876 1377 1295 1814 1334 1972 1793 1643 1611 1104 1538 1977 1744 1834 1247 1425 1578 1923 1165 1214 1430 1156 1984 1608 1628 1359 1379 1329 1584 1006 1282 1954 1233 1733 1613 1898 1132 1266 1853 1711 1586 BCNSPRNW ULIB Ver.6.0+V

เปลี่ยนเป็นภาษาไทย

Change to English
 แสดงรายละเอียดบรรณานุกรม
  กลับหน้าหลัก

Brief Record : Get Marc (ISO 2709) : E-mail record : QR code < ปิดหน้าต่าง
LEADER : 00000nam 2200000uu 4500
001    13399120858
003     ULIB
008    020711s2551 th a 000 0 tha d
020    97897416748311
050    BQ4570.33 ศ722ธ
245    ธรรมะกับเรื่องเพศ (ที่สามด้วย)/^cศุภวรรณ พิพัฒพรรณวงค์ กรีน
250    พิมพ์ครั้งที่ 1
260    กรุงเทพฯ :^bประสานมิตร,^c2551
300    184 หน้า
945    ^p165^l0^i15740
999    ^aทศพร เกษรทอง
รายการนี้ยังไม่มีแท็ก
คุณยังไม่ได้ล็อกอิน คุณสามารถมีกิจกรรมร่วมกับเว็บไซต์ได้ แต่ต้องล็อกอินก่อน ::
  ล็อกอิน

รายการสื่อสารสนเทศ

ลำดับที่ ประเภท เลขเรียก/บาร์โค้ด สถานที่ สถานะ
1. วิทยาศาสตร์การแพทย์ และสุขภาพ
วิทยาศาสตร์การแพทย์ และสุขภาพ
BQ4570.33 ศ722ธ  
  Barcode: 15740
ห้องสมุดวิทยาเขตสวรรค์ประชารักษ์
►หนังสือทั่วไป
บนชั้น

BibComment


ยังไม่เคยถูกคอมเมนท์

คอมเมนท์ทรัพยากรรายการนี้
  คอมเมนท์: ธรรมะกับเรื่องเพศ..


 Copyright 2026. Bcnsprnw @Library